01078cam a2200289 a 450000100090000000300040000900500170001300800410003001000170007102000220008804000180011004300120012805000250014010000180016524500880018325000130027126000510028430000270033550400640036265000380042665000450046465000480050965000350055765000240059285600810061685600910069714496081OSt20180117090000.0060812s2006 cc b 001 0 eng  a 2006280375 a0596102275 (pbk.) aDLCcDLCdDLC an-us---00aPN4784.O62bG55 20061 aGillmor, Dan.10aWe the media :bgrassroots journalism by the people, for the people /cDan Gillmor. aPbk. ed. aBeijing ;aSebastopol, CA :bO'Reilly,cc2006. axxix, 301 p. ;c23 cm. aIncludes bibliographical references (p. 263-281) and index. 0aOnline journalismzUnited States. 0aInternetxSocial aspectszUnited States. 0aInternetxPolitical aspectszUnited States. 0aWeb publishingzUnited States. 0aCitizen journalism.413Table of contents onlyuhttp://www.loc.gov/catdir/toc/fy0613/2006280375.html423Publisher descriptionuhttp://www.loc.gov/catdir/enhancements/fy0715/2006280375-d.html